UBT Library

PSYCHOSOCIAL ASPECTS OF HEALTH CARE (Record no. 59060)

000 -LEADER
fixed length control field 00348nam a22001457a 4500
008 - FIXED-LENGTH DATA ELEMENTS--GENERAL INFORMATION
fixed length control field 221201b ||||| |||| 00| 0 eng d
020 ## - INTERNATIONAL STANDARD BOOK NUMBER
International Standard Book Number 9780131392182
041 ## - LANGUAGE CODE
Language code of text/sound track or separate title eng
080 ## - UNIVERSAL DECIMAL CLASSIFICATION NUMBER
Edition identifier THIRD EDITION
Universal Decimal Classification number 159.9
082 ## - DEWEY DECIMAL CLASSIFICATION NUMBER
Classification number 159.9 DRE
100 ## - Rafti
Rafti 25
101 ## - Shkurtesa
Shkurtesa PSI
245 ## - TITLE STATEMENT
Title PSYCHOSOCIAL ASPECTS OF HEALTH CARE
Statement of responsibility, etc DRENCH E M
942 ## - ADDED ENTRY ELEMENTS (KOHA)
Source of classification or shelving scheme
Item type Books
Holdings
Withdrawn status Lost status Source of classification or shelving scheme Damaged status Not for loan Collection code Permanent location Current location Date acquired Total Checkouts Full call number Barcode Date last seen Price effective from Koha item type
          Koleksioni i përgjithshem UBT - Lipjan UBT - Lipjan 12/01/2022   159.9 DRE 002-800028700260903 12/01/2022 12/01/2022 Books
          Koleksioni i përgjithshem UBT - Lipjan UBT - Lipjan 12/01/2022   159.9 DRE 002-800028700260904 12/01/2022 12/01/2022 Books
          Koleksioni i përgjithshem UBT - Lipjan UBT - Lipjan 12/01/2022   159.9 DRE 002-800028700260905 12/01/2022 12/01/2022 Books
          Koleksioni i përgjithshem UBT - Lipjan UBT - Lipjan 12/01/2022   159.9 DRE 002-800028700260906 12/01/2022 12/01/2022 Books
          Koleksioni i përgjithshem UBT - Lipjan UBT - Lipjan 12/01/2022   159.9 DRE 002-800028700260907 12/01/2022 12/01/2022 Books
UBT Library © 2015-2024. All rights reserved University Education for Business and Technology